Poslední století koní : historie jednoho odloučení /

Hlavní autor: Raulff, Ulrich, 1950-
Další autoři: Havlová, Magdalena, 1954-
Jazyk: Čeština
Vydáno: Brno : Kazda, 2021
Vydání: 1. vydání
Témata:
Fyzický popis: 446 stran, 32 nečíslovaných stran obrazových příloh : ilustrace (některé barevné), faksimile ; 22 cm
Knihy
Uloženo v:
LEADER 02055nam a2200553 i 4500
001 nkc20213369388
003 CZ PrNK
005 20220908100554.0
007 ta
008 211103s2021 xr afh e 001 0 cze
015 |a cnb003369388 
020 |a 978-80-7670-043-7  |q (vázáno) 
035 |a (OCoLC)1302726840 
040 |a BOA001  |b cze  |e rda 
041 1 |a cze  |h ger 
072 7 |a 930.85  |x Dějiny civilizace. Kulturní dějiny  |2 Konspekt  |9 8 
080 |a 636.1  |2 MRF 
080 |a 179.3  |2 MRF 
080 |a 7.04  |2 MRF 
080 |a 930.85  |2 MRF 
080 |a (048.8)  |2 MRF 
100 1 |a Raulff, Ulrich,  |d 1950-  |7 jn20010602560  |4 aut 
240 1 0 |a Letzte Jahrhundert der Pferde.  |l Česky 
245 1 0 |a Poslední století koní :  |b historie jednoho odloučení /  |c Ulrich Raulff ; přeložila: Magdalena Havlová 
250 |a 1. vydání 
264 1 |a Brno :  |b Kazda,  |c 2021 
300 |a 446 stran, 32 nečíslovaných stran obrazových příloh :  |b ilustrace (některé barevné), faksimile ;  |c 22 cm 
336 |a text  |b txt  |2 rdacontent 
337 |a bez média  |b n  |2 rdamedia 
338 |a svazek  |b nc  |2 rdacarrier 
500 |a Přeloženo z němčiny 
504 |a Obsahuje bibliografické odkazy a rejstřík 
650 0 7 |a koně  |7 ph114977  |2 czenas 
650 0 7 |a člověk a zvíře  |7 ph128185  |2 czenas 
650 0 7 |a náměty, témata a motivy  |7 ph138485  |2 czenas 
650 0 7 |a dějiny civilizace  |7 ph137927  |2 czenas 
650 0 9 |a horses  |2 eczenas 
650 0 9 |a human-animal relationships  |2 eczenas 
650 0 9 |a themes and motives  |2 eczenas 
650 0 9 |a history of civilization  |2 eczenas 
655 7 |a monografie  |7 fd132842  |2 czenas 
655 9 |a monographs  |2 eczenas 
700 1 |a Havlová, Magdalena,  |d 1954-  |7 ola200208274  |4 trl 
910 2 |a BOA001  |b 2-1474.833 
990 |a BK 
995 |a 01 
991 |b 202201  |c NOV 
996 6 |b 2610887851  |c 2-1474.833  |l MZK  |r Sklad / do 1 hodiny  |n 2  |p p.v.  |w 001871781  |u 000010  |a 1  |e BOA001  |j MZK50  |s P 
996 7 |b 2610887852  |c 2-1474.833  |l MZK  |r Sklad / do 1 hodiny  |n 2  |p p.v.  |w 001871781  |u 000020  |a 1  |e BOA001  |j MZK50  |s A